[Event "GER-ch U12 Girls"]
[Site "Willingen"]
[Date "2017.06.06"]
[Round "5"]
[White "Juenk, Ellen"]
[Black "Wiemann, Vanessa"]
[Result "1/2-1/2"]
[WhiteElo "1229"]
[BlackElo "1355"]
[PlyCount "82"]
[EventDate "2017.06.04"]
[EventType "swiss"]
[EventRounds "11"]
[EventCountry "GER"]
[SourceTitle "CBM 178 Extra"]
[Source "ChessBase"]
[SourceDate "2017.06.22"]
[SourceVersion "1"]
[SourceVersionDate "2017.06.22"]
[SourceQuality "1"]

1. e4 e5 2. Nf3 Nc6 3. d4 exd4 4. Nxd4 Bb4+ 5. Bd2 Qe7 6. Nxc6 Qxe4+ 7. Qe2 Bxd2+ 8. Nxd2 Qxe2+ 9. Bxe2 dxc6 10. 0-0-0 Be6 11. Rhe1 0-0-0 12. Kb1 Nf6 13. Nc4 Rhe8 14. b3 Nd5 15. Kb2 Nf4 16. Ne3 Rxd1 17. Bxd1 Ng6 18. Nf5 Rg8 19. Nd4 Bd7 20. a4 Rd8 21. g3 Bh3 22. Nf3 Bg4 23. Be2 Re8 24. Ng1 Bxe2 25. Rxe2 Rxe2 26. Nxe2 Kd7 27. f4 Kd6 28. c4 f6 29. Nd4 Ne7 30. Kc3 a6 31. b4 g6 32. g4 f5 33. g5 Kd7 34. h4 Kd6 35. Kd3 Nc8 36. Nf3 b5 37. a5 Ne7 38. Ne5 bxc4+ 39. Kxc4 Nd5 40. Nd3 Ne3+ 41. Kd4 Nd5 1/2-1/2

[Event "Rhein Main op-B 18th"]
[Site "Bad Homburg"]
[Date "2015.06.05"]
[Round "4"]
[White "Wiemann, Vanessa"]
[Black "Dietrich, Klaus"]
[Result "1-0"]
[WhiteElo "1229"]
[BlackElo "768"]
[PlyCount "57"]
[EventDate "2015.06.03"]
[EventType "swiss"]
[EventRounds "7"]
[EventCountry "GER"]
[SourceTitle "CBM 167 Extra"]
[Source "ChessBase"]
[SourceDate "2015.09.14"]
[SourceVersion "1"]
[SourceVersionDate "2015.09.14"]
[SourceQuality "1"]

1. e4 e5 2. Nf3 Nc6 3. Bc4 h6 4. Nc3 Nf6 5. d3 d6 6. h3 Be6 7. Bb3 Bxb3 8. axb3 d5 9. 0-0 d4 10. Ne2 Be7 11. Ng3 Qd7 12. Bd2 0-0 13. Nf5 b6 14. c3 dxc3 15. bxc3 Bd6 16. Be3 Bc5 17. b4 Bxe3 18. fxe3 a5 19. b5 Rad8 20. bxc6 Qxc6 21. Nxe5 Qe8 22. d4 Nxe4 23. Qg4 g5 24. Qxe4 Kh7 25. Nd6+ Kg7 26. Nxe8+ Rdxe8 27. Rxf7+ Rxf7 28. Qg6+ Kf8 29. Qxf7# 1-0

[Event "GER-ch U10"]
[Site "Willingen"]
[Date "2015.05.25"]
[Round "3"]
[White "Wiemann, Vanessa"]
[Black "Bress, Amy Charlize"]
[Result "0-1"]
[WhiteElo "1096"]
[BlackElo "941"]
[PlyCount "116"]
[EventDate "2015.05.24"]
[EventType "swiss"]
[EventRounds "11"]
[EventCountry "GER"]
[SourceTitle "CBM 166 Extra"]
[Source "ChessBase"]
[SourceDate "2015.06.18"]
[SourceVersion "1"]
[SourceVersionDate "2015.06.18"]
[SourceQuality "1"]

1. d4 d5 2. Bg5 Nf6 3. e3 e6 4. Nf3 c6 5. c3 c5 6. Nbd2 Qc7 7. Bxf6 gxf6 8. Bb5+ Bd7 9. Bxd7+ Nxd7 10. Qc2 cxd4 11. exd4 Bg7 12. 0-0-0 0-0 13. g4 Qf4 14. h3 Bh6 15. Kb1 Nb6 16. h4 Nc4 17. Nxc4 dxc4 18. Nh2 Rad8 19. Rdg1 Kh8 20. Qe2 e5 21. Qxc4 exd4 22. Rd1 Qxf2 23. Rxd4 Rxd4 24. Qxd4 Qxd4 25. cxd4 Rd8 26. Rd1 Be3 27. d5 Bf4 28. Nf3 Kg8 29. Kc2 Kf8 30. Kb3 Ke7 31. Kc4 a6 32. a4 Rc8+ 33. Kb3 Rc5 34. Rd4 Be5 35. Rd3 Kd6 36. h5 Rxd5 37. Rxd5+ Kxd5 38. Nxe5 fxe5 39. g5 b5 40. g6 fxg6 41. hxg6 hxg6 42. axb5 axb5 43. Kc3 g5 44. Kd3 e4+ 45. Ke3 Ke5 46. Kf2 g4 47. Kf1 Kf4 48. b4 e3 49. Ke2 g3 50. Ke1 Kf3 51. Kf1 e2+ 52. Ke1 g2 53. Kd2 g1Q 54. Kc3 Qe3+ 55. Kc2 e1R 56. Kb2 Re2+ 57. Kb1 Qb3+ 58. Kc1 Qc2# 0-1

[Event "GER-ch U10"]
[Site "Willingen"]
[Date "2015.05.24"]
[Round "2"]
[White "Schroeder, Lennart"]
[Black "Wiemann, Vanessa"]
[Result "1-0"]
[WhiteElo "1339"]
[BlackElo "1096"]
[PlyCount "91"]
[EventDate "2015.05.24"]
[EventType "swiss"]
[EventRounds "11"]
[EventCountry "GER"]
[SourceTitle "CBM 166 Extra"]
[Source "ChessBase"]
[SourceDate "2015.06.18"]
[SourceVersion "1"]
[SourceVersionDate "2015.06.18"]
[SourceQuality "1"]

1. d4 d5 2. c4 c6 3. Nf3 Nf6 4. Nc3 dxc4 5. a4 Bg4 6. e3 e6 7. Bxc4 Be7 8. 0-0 0-0 9. Re1 Nbd7 10. Be2 Re8 11. e4 Rc8 12. h3 Bh5 13. Bf4 Bxf3 14. Bxf3 Bb4 15. Qb3 Bxc3 16. bxc3 Qb6 17. Qc2 c5 18. Rab1 Qc6 19. e5 Nd5 20. c4 Nb4 21. Rxb4 Qc7 22. Rxb7 Qa5 23. Bd2 Qd8 24. dxc5 Nxc5 25. Rxa7 Qb6 26. Ra5 h6 27. Rb1 Qd8 28. Rab5 Nd7 29. Ba5 Qe7 30. Bb7 Rc5 31. Bb4 h5 32. Bc6 Rc8 33. Bxc5 Qd8 34. Bxd7 Qxd7 35. Rb8 g6 36. Rxc8+ Qxc8 37. Bd6 Qd7 38. Qd2 Kh7 39. a5 Qa7 40. g4 hxg4 41. hxg4 Qd7 42. Kg2 Qc6+ 43. f3 Kg7 44. Rh1 Qxc4 45. Qh6+ Kg8 46. Qh7# 1-0

[Event "GER-ch int (Women)"]
[Site "Erfurt"]
[Date "2014.08.26"]
[Round "3"]
[White "Wiemann, Vanessa"]
[Black "MacGilchrist, Siegrun"]
[Result "0-1"]
[WhiteElo "1202"]
[BlackElo "1788"]
[PlyCount "102"]
[EventDate "2014.08.25"]
[EventType "swiss"]
[EventRounds "9"]
[EventCountry "GER"]
[SourceTitle "CBM 162 Extra"]
[Source "ChessBase"]
[SourceDate "2014.10.17"]
[SourceVersion "1"]
[SourceVersionDate "2014.10.17"]
[SourceQuality "1"]

1. e4 c6 2. d4 d5 3. exd5 cxd5 4. Nf3 Nc6 5. Nc3 Bg4 6. h3 Bxf3 7. gxf3 e6 8. a3 g6 9. Bf4 Bg7 10. Be3 Nge7 11. Qd2 Nf5 12. Bb5 0-0 13. Bxc6 bxc6 14. Rg1 Qh4 15. Rh1 Nxd4 16. Bxd4 Qxd4 17. Qxd4 Bxd4 18. Rf1 c5 19. 0-0-0 Be5 20. Rde1 Bf4+ 21. Kb1 c4 22. Rd1 Rab8 23. Rfe1 Bg5 24. Na4 Be7 25. Ka2 Rb7 26. Rd4 Rfb8 27. Rb1 Bf6 28. Rd2 c3 29. Nxc3 Bxc3 30. Rdd1 Rxb2+ 31. Rxb2 Rxb2+ 32. Ka1 Rxc2+ 33. Kb1 Rxf2 34. Rd3 d4 35. a4 e5 36. h4 h5 37. Kc1 f5 38. Kd1 Ra2 39. a5 Bxa5 40. Kc1 Kf7 41. Kb1 Rh2 42. Kc1 Bc3 43. Kd1 a5 44. Kc1 a4 45. Kb1 a3 46. Rxc3 dxc3 47. f4 c2+ 48. Kc1 a2 49. Kb2 c1Q+ 50. Kb3 Rb2+ 51. Ka4 a1Q# 0-1

[Event "Karl Mala Memorial op-B 17th"]
[Site "Frankfurt"]
[Date "2014.08.02"]
[Round "4"]
[White "Peschk, Kathrin"]
[Black "Wiemann, Vanessa"]
[Result "1/2-1/2"]
[WhiteElo "1311"]
[BlackElo "1088"]
[PlyCount "40"]
[EventDate "2014.07.31"]
[EventType "swiss"]
[EventRounds "7"]
[EventCountry "GER"]
[SourceTitle "EXT 2015"]
[Source "ChessBase"]
[SourceDate "2014.11.20"]
[SourceVersion "1"]
[SourceVersionDate "2014.11.20"]
[SourceQuality "1"]

1. e4 e5 2. Nf3 Nc6 3. Bc4 Bc5 4. d3 h6 5. Nc3 Nf6 6. 0-0 d6 7. Be3 Bb6 8. Nd5 Bd7 9. Qd2 Nxd5 10. Bxd5 Qf6 11. Rad1 Qg6 12. Nh4 Qg4 13. Nf3 Qg6 14. Bxc6 bxc6 15. Rfe1 Bh3 16. g3 Bg4 17. Qe2 Qf6 18. Kg2 Bxf3+ 19. Qxf3 Qxf3+ 20. Kxf3 Bxe3 1/2-1/2

[Event "GER-ch U10"]
[Site "Magdeburg"]
[Date "2014.06.14"]
[Round "11"]
[White "Basovskiy, Jana"]
[Black "Wiemann, Vanessa"]
[Result "1-0"]
[WhiteElo "1157"]
[BlackElo "1034"]
[PlyCount "135"]
[EventDate "2014.06.08"]
[EventType "swiss"]
[EventRounds "11"]
[EventCountry "GER"]
[SourceTitle "CBM 160 Extra"]
[Source "ChessBase"]
[SourceDate "2014.07.01"]
[SourceVersion "1"]
[SourceVersionDate "2014.07.01"]
[SourceQuality "1"]

1. e4 e5 2. Nf3 Nc6 3. Bc4 Bc5 4. c3 Nf6 5. d4 exd4 6. e5 Ng4 7. cxd4 Bb4+ 8. Nc3 Bxc3+ 9. bxc3 d6 10. h3 Nh6 11. exd6 Qxd6 12. 0-0 Bf5 13. Re1+ Ne7 14. Qb3 Rb8 15. Bxh6 gxh6 16. Bxf7+ Kd8 17. Re3 Rf8 18. Rae1 Ng6 19. Re8+ Kd7 20. Rxf8 Rxf8 21. Bxg6 Qxg6 22. Nh4 Qf6 23. Nf3 Qg7 24. Nh4 Bxh3 25. Kh2 Qg4 26. Qd5+ Kc8 27. Re4 Qd7 28. Qxd7+ Kxd7 29. Kxh3 Rxf2 30. a4 Rc2 31. Re3 Ra2 32. Nf5 Rxa4 33. Re7+ Kd8 34. Rxh7 Ra3 35. Rxh6 Rxc3+ 36. Kh2 a5 37. g4 Rc2+ 38. Kh3 a4 39. g5 a3 40. Rh8+ Kd7 41. Ra8 a2 42. g6 Rc3+ 43. Kh4 Rc6 44. g7 Rg6 45. Kh5 Rg2 46. Rxa2 Rxa2 47. g8Q Rh2+ 48. Nh4 b6 49. Qg7+ Kc6 50. Qg3 Rd2 51. Qc3+ Kb7 52. Qxd2 b5 53. Qh6 b4 54. Qd2 b3 55. Qb2 c6 56. Nf5 c5 57. Qxb3+ Kc6 58. d5+ Kc7 59. Qb5 Kd8 60. Qc6 c4 61. Qd6+ Kc8 62. Qe7 c3 63. d6 Kb8 64. d7 Kb7 65. d8Q+ Kc6 66. Qec7+ Kb5 67. Qdb8+ Ka4 68. Qca7# 1-0

[Event "GER-ch U10"]
[Site "Magdeburg"]
[Date "2014.06.13"]
[Round "10"]
[White "Wiemann, Vanessa"]
[Black "Glinzner, Alva"]
[Result "0-1"]
[WhiteElo "1034"]
[BlackElo "1194"]
[PlyCount "100"]
[EventDate "2014.06.08"]
[EventType "swiss"]
[EventRounds "11"]
[EventCountry "GER"]
[SourceTitle "CBM 160 Extra"]
[Source "ChessBase"]
[SourceDate "2014.07.01"]
[SourceVersion "1"]
[SourceVersionDate "2014.07.01"]
[SourceQuality "1"]

1. e4 c6 2. d4 d5 3. exd5 cxd5 4. Bd3 Nc6 5. c3 Nf6 6. h3 e6 7. Nf3 Bd7 8. Bf4 Qb6 9. Qe2 Be7 10. 0-0 0-0 11. Ne5 Rfd8 12. Nxd7 Rxd7 13. Qc2 Rc8 14. Nd2 Nb4 15. Qb1 Nxd3 16. Qxd3 Qxb2 17. Rfb1 Qa3 18. Rb3 Qa5 19. Nf3 Ne4 20. Bd2 Rdc7 21. c4 Nxd2 22. Qxd2 Qxd2 23. Nxd2 dxc4 24. Rc3 Bb4 25. Rc2 Bxd2 26. Rxd2 b5 27. d5 exd5 28. Rxd5 a6 29. Rad1 h6 30. Rd8+ Rxd8 31. Rxd8+ Kh7 32. Rd1 b4 33. Rb1 c3 34. Rc1 a5 35. Kf1 a4 36. Ke2 b3 37. axb3 axb3 38. Kd3 b2 39. Rb1 c2 40. Rxb2 c1Q 41. Rd2 Rd7+ 42. Ke3 Qxd2+ 43. Kf3 Re7 44. Kg3 Qe2 45. Kh2 Rd7 46. h4 Rd2 47. Kh3 Qxf2 48. Kg4 f5+ 49. Kh5 Qe2+ 50. g4 Qxg4# 0-1

[Event "GER-ch U10"]
[Site "Magdeburg"]
[Date "2014.06.09"]
[Round "3"]
[White "Muench, Michelle"]
[Black "Wiemann, Vanessa"]
[Result "0-1"]
[WhiteElo "858"]
[BlackElo "1034"]
[PlyCount "78"]
[EventDate "2014.06.08"]
[EventType "swiss"]
[EventRounds "11"]
[EventCountry "GER"]
[SourceTitle "CBM 160 Extra"]
[Source "ChessBase"]
[SourceDate "2014.07.01"]
[SourceVersion "1"]
[SourceVersionDate "2014.07.01"]
[SourceQuality "1"]

1. e4 e5 2. Nf3 Nc6 3. Bc4 Bc5 4. d3 h6 5. Be3 Bb6 6. Nc3 Nf6 7. 0-0 0-0 8. Nd5 Nxd5 9. Bxd5 Qf6 10. Bxc6 bxc6 11. d4 exd4 12. Bxd4 Qg6 13. Ne5 Qxe4 14. Nf3 c5 15. Re1 Qg6 16. Ne5 Qd6 17. c3 cxd4 18. cxd4 Bxd4 19. Nf3 Bxb2 20. Nd2 Bxa1 21. Qg4 Qxd2 22. Rxa1 d6 23. Qf3 Re8 24. h3 Rb8 25. Rd1 Qxa2 26. Qc3 Rb1 27. Rf1 Ba6 28. Rxb1 Qxb1+ 29. Kh2 Bb7 30. Qxc7 Qe4 31. f3 Qf4+ 32. Kg1 Re1+ 33. Kf2 Qe3+ 34. Kg3 Bxf3 35. Qd8+ Kh7 36. Qa5 Bxg2+ 37. Kxg2 Re2+ 38. Kh1 Qxh3+ 39. Kg1 Qg2# 0-1

[Event "GER-ch U10"]
[Site "Magdeburg"]
[Date "2014.06.09"]
[Round "4"]
[White "Wiemann, Vanessa"]
[Black "Hommer, Jeremy"]
[Result "0-1"]
[WhiteElo "1034"]
[BlackElo "1229"]
[PlyCount "116"]
[EventDate "2014.06.08"]
[EventType "swiss"]
[EventRounds "11"]
[EventCountry "GER"]
[SourceTitle "CBM 160 Extra"]
[Source "ChessBase"]
[SourceDate "2014.07.01"]
[SourceVersion "1"]
[SourceVersionDate "2014.07.01"]
[SourceQuality "1"]

1. e4 c6 2. d4 d5 3. Nc3 dxe4 4. Nxe4 Nf6 5. Nxf6+ gxf6 6. Nf3 Bg4 7. h3 Bxf3 8. gxf3 Rg8 9. Be3 e6 10. Bd3 f5 11. Qd2 Bd6 12. Bf4 Qc7 13. Bxd6 Qxd6 14. Qc3 Nd7 15. 0-0-0 0-0-0 16. Rd2 Nf6 17. Rhd1 Nd5 18. Qa5 Kb8 19. Qa4 Qh2 20. Bf1 Rg1 21. Qb3 Rdg8 22. Ba6 Rxd1+ 23. Rxd1 b6 24. c4 Nc7 25. Qa4 Nxa6 26. Qxa6 Qxf2 27. Qa3 Qg3 28. c5 b5 29. Rh1 Qg2 30. Rd1 Qe2 31. Rd2 Rg1+ 32. Kc2 Qe1 33. b3 Qb1+ 34. Kc3 Rc1+ 35. Kb4 Rc4+ 36. Ka5 Qe1 37. Qb2 Rc1 38. h4 Rd1 39. Qc2 Qxd2+ 40. Qxd2 Rxd2 41. a4 bxa4 42. Kxa4 Rxd4+ 43. b4 Rxh4 44. Ka5 Rh2 45. b5 cxb5 46. Kxb5 Rc2 47. Kc6 h5 48. Kd6 h4 49. c6 h3 50. c7+ Rxc7 51. f4 h2 52. Ke5 h1Q 53. Kf6 Qh6+ 54. Ke5 Qg7+ 55. Kd6 e5 56. fxe5 Qg6+ 57. Kd5 Qc6+ 58. Kd4 Qe4# 0-1

[Event "GER-chT U12"]
[Site "Schney"]
[Date "2013.12.28"]
[Round "3.4"]
[White "Wiemann, Vanessa"]
[Black "Browning, Rebecca"]
[Result "0-1"]
[WhiteElo "977"]
[BlackElo "1090"]
[PlyCount "120"]
[EventDate "2013.12.27"]
[EventType "team-swiss"]
[EventRounds "7"]
[EventCountry "GER"]
[SourceTitle "EXT 2015"]
[Source "ChessBase"]
[SourceDate "2014.11.20"]
[SourceVersion "1"]
[SourceVersionDate "2014.11.20"]
[SourceQuality "1"]
[WhiteTeam "Seubelsdorf"]
[BlackTeam "Halver Schalksmuehle"]
[WhiteTeamCountry "GER"]
[BlackTeamCountry "GER"]

1. e4 e6 2. d4 b6 3. Nc3 Bb7 4. Nf3 Bb4 5. Bd3 Be7 6. Be3 d6 7. d5 c5 8. dxc6 Nxc6 9. Bb5 a6 10. Bxc6+ Bxc6 11. Bd4 Nf6 12. Qe2 e5 13. Be3 0-0 14. Bd2 b5 15. Bg5 b4 16. Bxf6 Bxf6 17. Nd5 Bb5 18. Qe3 Rc8 19. Nxb4 a5 20. Nd3 Rxc2 21. Rb1 h6 22. 0-0 Bg5 23. Nxg5 Qxg5 24. Qxg5 hxg5 25. Rfd1 Rfc8 26. h3 Re2 27. a3 Rcc2 28. b4 axb4 29. axb4 Rxe4 30. Ra1 Ree2 31. Ra5 Bxd3 32. Rxd3 Rxf2 33. Ra8+ Kh7 34. Rg3 f6 35. b5 Rfd2 36. b6 Rb2 37. Rb8 d5 38. b7 d4 39. Kh2 d3 40. Kg1 Rd1+ 41. Kh2 Rbb1 42. Re3 d2 43. Rd3 Rh1+ 44. Kg3 d1Q 45. Rxd1 Rhxd1 46. Kf3 Rb3+ 47. Ke4 Rdb1 48. Kf5 Rxb7 49. Rxb7 Rxb7 50. g4 Rb6 51. Ke4 g6 52. Kf3 f5 53. gxf5 gxf5 54. Kg3 Rb3+ 55. Kh2 f4 56. Kg2 e4 57. Kh2 Rb2+ 58. Kh1 e3 59. Kg1 f3 60. Kf1 Rb1# 0-1